| 000 | 01256cam a2200373 i 4500 | ||
|---|---|---|---|
| 001 | 200448326 | ||
| 999 |
_c200448326 _d66538 |
||
| 003 | TR-AnTOB | ||
| 005 | 20241112145824.0 | ||
| 007 | ta | ||
| 008 | 220330t2017 tu d b 000 0 tur d | ||
| 020 |
_a9786053207405 _q(paperback) |
||
| 040 |
_aB9K _beng _erda _cB9K _dTR-AnTOB |
||
| 041 | 0 | _atur | |
| 060 | _aQT 260 | ||
| 096 |
_aQT260 _bG975e 2017 |
||
| 100 | 1 |
_aGünay, Mehmet _9124372 |
|
| 245 | 1 | 0 |
_aÇocuk, kadın, yaşlı ve özel gruplarda egzersiz / _cMehmet Günay, İbrahim Cicioğlu, Erdinç Şıktar, Elif Şıktar. |
| 250 | _a1. basım. | ||
| 264 | 1 |
_aAnkara : _bBatman Belediyesi Spor Külübü Eğitim ve Spor Yayınları, _c2017. |
|
| 264 | 4 | _c©2017 | |
| 300 |
_axi, 492 pages : _bcharts ; _c28 cm |
||
| 336 |
_atext _2rdacontent _btxt |
||
| 337 |
_aunmediated _bn _2rdamedia |
||
| 338 |
_avolume _bnc _2rdacarrier |
||
| 490 | 0 |
_aBatman Belediyesi Spor Külübü Eğitim ve Spor Yayınları ; _v2 |
|
| 504 | _aBIB | ||
| 590 | _a"Donated by Batman Belediyesi Spor Külübü." | ||
| 650 | 2 |
_aExercise _919353 |
|
| 700 | 1 |
_aCicioğlu, İbrahim _eauthor. _9136271 |
|
| 700 | 1 |
_aŞıktar, Erdinç _eauthor. _9124374 |
|
| 700 | 1 |
_aŞıktar, Elif _eauthor. _9124373 |
|
| 942 |
_2NLM _cBK |
||